Joueurs du Real Madrid saison 2025-2026 - Mort subite - Statistiques

Statistiques générales
  • Ce quiz a été pris 426 fois
  • Le résultat moyen est 12 sur 18
Answers on the Grid
Answers color-coded by a green-red scale on the quiz's grid according to % correct below.
Dani Carvajal
Dani Ceballos
Alvaro Carreras
Dean Huijsen
Lucas Vasquez
Luka Modric
Kepa Arrizabalaga
Eduardo Camavinga
Ferland Mendy
Jesus Vallejo
Vinicius Jr
Rodrygo
Nacho Fernandez
Fran Garcia
Nico Paz
Karim Benzema
Joselu
Antonio Rudiger
Eder Militao
Mariano Diaz
Marco Asensio
Raul Asencio
Gonzalo Garcia
Aurelien Tchouaméni
Arda Guller
Alvaro Odriozola
David Alaba
Miguel Gutierrez
Kylian Mbappé
Jude Bellingham
 
Statistiques - réponses
Réponse % Correct
Dani Carvajal
93%
Dean Huijsen
84%
Dani Ceballos
73%
Eduardo Camavinga
72%
Vinicius Jr
72%
Rodrygo
71%
Alvaro Carreras
70%
Ferland Mendy
67%
Kylian Mbappé
65%
Jude Bellingham
64%
Antonio Rudiger
62%
Aurelien Tchouaméni
62%
Arda Guller
61%
Eder Militao
61%
David Alaba
60%
Fran Garcia
58%
Raul Asencio
57%
Gonzalo Garcia
46%
Aucun quiz correspondant
Distribution des résultats
% des personnes avec chaque résultat
Percentile par nombre de réponses
Votre historique - résultats
Vous n’avez pas pris ce quiz